000 00511nam a2200193Ia 4500
999 _c14870
_d14870
003 OSt
005 20201022130319.0
008 190216s9999||||xx |||||||||||||| ||und||
020 _a9780099362814
040 _coclc
082 _a929.20973
_bHAL/R
100 _aHaley, Alex
_92449
245 0 _aRoots /
_cAlex Haley
250 _a1st Ed.
260 _bVintage Books,
_c1991.
_aLondon:
300 _a688p
650 _aEnglish
942 _cBK
_2ddc
_h929.20973
_iHAL/R
_k929.20973
_mHAL/R